000 00858nam a22001337a 4500
040 _cRUA
082 _aAGR SOM 2017 B646 Or.1
100 _aSOM CHANNY សុម​ ចាន់នី
245 _aeffect of using urea in different rates on bunching onion in crop station at royal university of agriculture ប្រសិទ្ធភាពនៃការប្រើប្រាស់ជីអ៊ុយរ៉េក្នុងកម្រិតផ្សេងៗគ្នាលើដំណាំខ្ទឹមស្លឹក នៅស្ថានីយ៍ពិសោធន៍ដំណាំសាកលវិទ្យាល័យភូមិន្ទកសិកម្ម
260 _aRUA
_bPhnom penh
_c2017
300 _axi;31p
_bill;
_c29cm
856 _uhttps://drive.google.com/file/d/1qhaQOqNM8gGGwmamMen-SVIJNJ4B4Gj0/view?usp=sharing
942 _cAGR
999 _c18201
_d18201